<?xml version="1.0" encoding="UTF-8"?>
<marc:record xmlns:marc="http://www.loc.gov/MARC21/slim">
   <marc:leader>00000nam a2200000 a 4500</marc:leader>
   <marc:datafield ind1="1" ind2=" " tag="100">
      <marc:subfield code="a">Lehner, Monika</marc:subfield>
      <marc:subfield code="4">aut</marc:subfield>
      <marc:subfield code="e">Verfasser/-in</marc:subfield>
   </marc:datafield>
   <marc:datafield ind1=" " ind2=" " tag="653">
      <marc:subfield code="a">Fasching</marc:subfield>
   </marc:datafield>
   <marc:datafield ind1=" " ind2=" " tag="653">
      <marc:subfield code="a">Fasnacht</marc:subfield>
   </marc:datafield>
   <marc:datafield ind1=" " ind2=" " tag="653">
      <marc:subfield code="a">Karneval</marc:subfield>
   </marc:datafield>
   <marc:datafield ind1="0" ind2="0" tag="245">
      <marc:subfield code="a">Emma und Paul feiern Fasching, Fastnacht &amp; Karneval</marc:subfield>
   </marc:datafield>
   <marc:datafield ind1="0" ind2="0" tag="245">
      <marc:subfield code="b">Spielfiguren für die Erzählschiene</marc:subfield>
   </marc:datafield>
   <marc:datafield ind1="0" ind2="0" tag="245">
      <marc:subfield code="c">Lehner, Monika</marc:subfield>
   </marc:datafield>
   <marc:datafield ind1=" " ind2="1" tag="264">
      <marc:subfield code="a">München</marc:subfield>
      <marc:subfield code="b">Don Bosco Medien</marc:subfield>
      <marc:subfield code="c">2021</marc:subfield>
   </marc:datafield>
   <marc:datafield ind1="1" ind2=" " tag="490">
      <marc:subfield code="a">Erzählschiene</marc:subfield>
   </marc:datafield>
   <marc:datafield ind1=" " ind2=" " tag="250">
      <marc:subfield code="a">1. Auflage</marc:subfield>
   </marc:datafield>
   <marc:datafield ind1="1" ind2=" " tag="520">
      <marc:subfield code="a">Helau, alaaf, ahoi: Mit der Erzählschiene Fasching in der Kita feiern&#xD;
&#xD;
Emma, Paul und das Schäfchen machen einen tollen Fund: Ein Koffer voller bunter Verkleidungen! Das sorgt für Feierlaune in der Kita – hier brüllt ein Tiger, dort flattert ein Schmetterling, die Kinder tanzen im Kreis und über allem schwebt Konfetti.&#xD;
&#xD;
Für Kinder von 1 bis 5 Jahren: ein Faschingsabenteuer mit den bekannten Figuren Emma und Paul&#xD;
Kreative Sprachförderung: das einfache Figurentheater macht Handlungen und Themen erfahrbar und animiert Kinder zum Sprechen&#xD;
Sofort einsatzbereit: Alle Figuren und Kulissen aus bedruckter Pappe sind spielfertig ausgestanzt&#xD;
Pädagogische und methodische Hinweise: Anleitungs- und Textheft mit 8 Seiten&#xD;
Flexibel einsetzbar, zum Beispiel mit dem Don Bosco Kamishibai als Hintergrundbild, als jahreszeitlicher Thementisch oder zum freien Spiel in der Gruppe&#xD;
&#xD;
&#xD;
Die Erzählschiene – spielerische Sprachförderung in Krippe und Kindergarten&#xD;
&#xD;
Die Erzählschiene ist ein einfaches Figurentheater, mit der Kinder typische Situationen aus ihrer Lebenswelt nacherleben können. Die ausgestanzten Figuren werden während des Erzählens in Schienen bewegt. Die Visualisierung macht die Geschichte auch für kleine Kinder leicht verständlich. Sie lädt zum Erzählen eigener Erlebnisse und zum Spielen ein.&#xD;
&#xD;
Genau wie die Kinder haben Emma, Paul und das Schäfchen während des Karnevals viel Spaß mit ihren Freunden – ihre Erlebnisse machen Lust, sich selbst zu verkleiden und Fasching zu feiern!</marc:subfield>
   </marc:datafield>
   <marc:datafield ind1="3" ind2=" " tag="024">
      <marc:subfield code="a">4260179517136</marc:subfield>
   </marc:datafield>
   <marc:datafield ind1=" " ind2=" " tag="041">
      <marc:subfield code="a">ger</marc:subfield>
   </marc:datafield>
   <marc:datafield ind1=" " ind2=" " tag="300">
      <marc:subfield code="a">8 Seiten</marc:subfield>
   </marc:datafield>
</marc:record>
